000 00721nam a2200217Ia 4500
999 _c20490
_d20490
003 OSt
005 20210921125135.0
008 160316s2002 xxu||||| |||| 00| 0 eng d
020 _a0821349783
040 _c.
082 _a339.4 KLU-I
_bKLU-I
100 _aKlugman Jeni
245 _aA sourcebook for poverty reduction strategies Vol. I : Core techniques and cross-cutting issues
260 _aWashington D C
_bThe World Bank
_c2002
300 _a600p
_cxiii
365 _bRs.5,250 vols
650 _a1. Economic Assistance - Domestic2. Economic Development - Poverty.
700 _a
_a
856 _uhttps://documents1.worldbank.org/curated/en/156931468138883186/pdf/2980000182131497813.pdf
942 _2ddc
_cBK